Voyage en Syrie et en Égypte pendant les ann´es 1783, 84 et 85 ... / (Record no. 167754)

MARC details
000 -LEADER
campo de control de longitud fija 00979nam a2200217 i 4500
001 - NÚMERO DE CONTROL
campo de control 167754
003 - IDENTIFICADOR DE NÚMERO DE CONTROL
campo de control ES-MaACL
005 - FECHA Y HORA DE LA ÚLTIMA TRANSACCIÓN
campo de control 20250929063250.0
008 - DATOS DE LONGITUD FIJA--INFORMACIÓN GENERAL
campo de control de longitud fija 980113s1799 fr |||| | fre d
040 ## - FUENTE DE CATALOGACIÓN
Centro catalogador/agencia de origen CAM
Lengua de catalogación spa
Centro/agencia transcriptor CAM
100 1# - ENTRADA PRINCIPAL--NOMBRE DE PERSONA
Nombre de persona Volney, Constantine François de Chasseboeuf,
Títulos y otros términos asociados al nombre comte de,
Fechas asociadas al nombre 1757-1820
9 (RLIN) 133827
245 10 - MENCIÓN DEL TÍTULO
Título Voyage en Syrie et en Égypte pendant les ann´es 1783, 84 et 85 ... /
Mención de responsabilidad, etc. par C.F. Volney ...; tome premier.
250 ## - MENCION DE EDICION
Mención de edición Troisième édition.
260 ## - PUBLICACIÓN, DISTRIBUCIÓN, ETC.
Lugar de publicación, distribución, etc. A Paris :
Nombre del editor, distribuidor, etc. chez Dugour et Durand,
Fecha de publicación, distribución, etc. An VIII [1799]
300 ## - DESCRIPCIÓN FÍSICA
Extensión [2], X, 478 p. ;
Dimensiones 8º.
597 ## - NOTA DE DESCRIPCIÓN FÍSICA
NOTA DE DESCRIPCIÓN FÍSICA Sign.: []\p6\s, 1-29\p8\s, 30\p7\s.
651 #4 - PUNTO DE ACCESO ADICIONAL DE MATERIA--NOMBRE GEOGRÁFICO
Nombre geográfico Siria-
Subdivisión general Descripción.
9 (RLIN) 159949
651 #4 - PUNTO DE ACCESO ADICIONAL DE MATERIA--NOMBRE GEOGRÁFICO
Nombre geográfico Egipto-
Subdivisión general Descripción.
9 (RLIN) 8141
852 ## - LOCALIZACIÓN
Ubicación ES-MaACL
Número de control de estantería R-3167-8
Encuadernación Olim:G-2840-1
Nota libre - Enc. hol.
Encuadernación - Edic.: en pie de imp. consta An VII -- En nuestro ejemp. en prelim. también consta [ ]\p6\s y hay [2] h. de map. pleg. y [2] h. de grab. pleg.
Holdings
Estatus retirado Estado de pérdida Estado de daño No para préstamo Colección Biblioteca de origen Biblioteca actual Ubicación en estantería Fecha de adquisición Total de préstamos Signatura topográfica completa Código de barras Visto por última vez Precio de reemplazo Tipo de ítem Koha
        Libros del s. XVIII Biblioteca del Ateneo de Madrid Biblioteca del Ateneo de Madrid Depósito 17/01/2008   R-3167-8 1175991 23/02/2023 23/02/2023 Libro impreso antiguo